| 000 | 00616nam a2200229Ia 4500 | ||
|---|---|---|---|
| 003 | OSt | ||
| 005 | 20220924130817.0 | ||
| 006 | a|||||r|||| 00| 0 | ||
| 007 | ta | ||
| 008 | 220923b |||||||| |||| 00| 0 snd d | ||
| 024 | _a332500 | ||
| 037 | _cTextual | ||
| 040 |
_aARTS _cARTS _bsnd |
||
| 041 |
_2snd _asnd |
||
| 082 | _aO164,1:g, 1593L3 | ||
| 100 |
_aGidwani Parso Au. _9200718 |
||
| 245 | 0 | _aShah jo shair | |
| 260 |
_aUlhasanagar _bSindhi times India _c1973 |
||
| 650 | _aPERSIAN POETRY | ||
| 942 |
_hO164,1:g, 1593L3 _cTEXL _2CC |
||
| 999 |
_c425398 _d425398 |
||